Communicating through letters and reports / (Record no. 14035)
[ view plain ]
| 000 -LEADER | |
|---|---|
| fixed length control field | 01093cam a2200313 i 4500 |
| 001 - CONTROL NUMBER | |
| control field | 14035 |
| 003 - CONTROL NUMBER IDENTIFIER | |
| rucl marc code | BD-RjUL |
| 005 - DATE AND TIME OF LATEST TRANSACTION | |
| control field | 20211208235547.0 |
| 008 - FIXED-LENGTH DATA ELEMENTS--GENERAL INFORMATION | |
| fixed length control field | 140203s1976 ilu 001 0 eng |
| 020 ## - INTERNATIONAL STANDARD BOOK NUMBER | |
| International Standard Book Number | 0256018197 |
| 035 ## - SYSTEM CONTROL NUMBER | |
| System control number | (BD-RjUL)14087 |
| 040 ## - CATALOGING SOURCE | |
| Original cataloging agency | DLC |
| Transcribing agency | DLC |
| Modifying agency | BD-RjUL |
| Language of cataloging | eng |
| 041 ## - LANGUAGE CODE | |
| Language code of text/sound track or separate title | eng |
| 082 00 - DEWEY DECIMAL CLASSIFICATION NUMBER | |
| Classification number | 651.75 |
| Author mark and year | MEC 1976 |
| 100 1# - MAIN ENTRY--PERSONAL NAME | |
| Personal name | Menning, J. H. |
| Fuller form of name | (Jack Harwood), |
| Dates associated with a name | 1919- |
| 9 (RLIN) | 43859 |
| 245 10 - TITLE STATEMENT | |
| Title | Communicating through letters and reports / |
| Statement of responsibility, etc. | J. H. Menning, C. W. Wilkinson, Peter B. Clarke, with the assistance of Dorothy Colby Menning Wilkinson. |
| 250 ## - EDITION STATEMENT | |
| Edition statement | 6th ed. |
| 260 ## - PUBLICATION, DISTRIBUTION, ETC. (IMPRINT) | |
| Place of publication, distribution, etc. | Homewood ; Ill. : |
| Name of publisher, distributor, etc. | R. D. Irwin, |
| Date of publication, distribution, etc. | c1976. |
| 300 ## - PHYSICAL DESCRIPTION | |
| Pagination | xi, 655 p. ; |
| Size | 23 cm. |
| 500 ## - GENERAL NOTE | |
| General note | First ed. published in 1955 under title: Writing business letters. |
| General note | Includes index. |
| 650 #0 - SUBJECT ADDED ENTRY--TOPICAL TERM | |
| Topical term or geographic name as entry element | Commercial correspondence. |
| 9 (RLIN) | 43436 |
| Topical term or geographic name as entry element | Business writing. |
| 9 (RLIN) | 43860 |
| 700 1# - ADDED ENTRY--PERSONAL NAME | |
| Personal name | Wilkinson, C. W. |
| Fuller form of name | (Clyde Winfield), |
| Dates associated with a name | 1910- |
| Relator term | joint author. |
| Personal name | Clarke, Peter B. |
| Relator term | joint author. |
| 942 ## - ADDED ENTRY ELEMENTS (KOHA) | |
| Source of classification or shelving scheme | Dewey Decimal Classification |
| Koha item type | Books |
| Lost status | Source of classification or shelving scheme | Damaged status | Not for loan | Collection code | Permanent Location | Current Location | Shelving location | Date acquired | Source of acquisition | Total Checkouts | Full call number | Date last seen | Copy number | Koha item type |
|---|---|---|---|---|---|---|---|---|---|---|---|---|---|---|
| Dewey Decimal Classification | Not For Loan | Non-fiction | Central Library, University of Rajshahi | Central Library, University of Rajshahi | Reading Room | 08/10/1985 | Asia foundation | 651.75 MEC 1976 | 03/02/2014 | C-1 | Books |